Quizzes
Events
Quiz Creation
Community
Videos
Private Events
Remove Ads
Sign In
Join for FREE
Feedback
Dark Mode
Quiz Categories
Sports
Geography
Music
Movies
Television
Just For Fun
Miscellaneous
History
Literature
Language
Science
Gaming
Entertainment
Religion
Holiday
For Kids
Quiz Lab
Recent
Popular Today
Quiz Kudos Today
Editor Picks
Curator Picks
Quizzes by...
Day
Popularity
Type
Ratings
Length
Year
Community
Subscriptions
Recent Discussions
Orange Saloon
Badges
Playlists
Quests
Create
Leaderboards
Showdown
Live 5
Trivia Bingo
Activity
Puzzle Library
Sporcle Events
Private Events
Virtual Trivia
Globe League
Become a Host
Pub Owners
SporcleCon
Opinionation
Our Games
Videos
Blog
Mobile Apps
Partnerships
Remove Ads and Go Orange
Feedback
Sports
Athletes
MLB
NBA
NHL
NFL
Soccer
Sports Teams
WWE
NCAA
Football
Premier League
Basketball
Baseball
Hockey
Golf
Tennis
Cricket
Rugby
Auto Racing
Olympics
World Cup
Sports
Athletes
MLB
NBA
NHL
NFL
Soccer
Sports Teams
WWE
NCAA
Football
Premier League
Basketball
Baseball
Hockey
Golf
Tennis
Cricket
Rugby
Auto Racing
Olympics
World Cup
Random Quiz
Search Sporcle
×
Quiz Lab
Quiz Lab
Sports
NFL
Type in answers that appear in a list
Type in answers that appear in a list
Classic
Best Score? Go Orange.
Leading Passer for NFL Franchise Stats
Can you name the Leading Passer for each NFL Franchise?
By
richboz2
7m
32 Questions
210 Plays
210 Plays
210 Plays
Comments
Comments
Give Quiz Kudos
Give Quiz Kudos
-
- Ratings
hide this ad
Replay
Link that replays current quiz
Next Quiz
Link to next quiz in quiz playlist
You Got
0%
They Got
Avg Score
72%
Avg Friend Score
Upgrade to see
Score Distribution
Jump to the score distribution portion of the page
Score
0/32
Timer
07:00
0
Plays Today
Franchise
QB
% Correct
Colts (Baltimore, Indianapolis)
Peyton Manning
96.2%
Dolphins
Dan Marino
95.2%
Patriots
Tom Brady
95.2%
Packers
Brett Favre
93.3%
Broncos
John Elway
92.9%
Saints
Drew Brees
90.5%
49ers
Joe Montana
90%
Cowboys
Troy Aikman
89.5%
Bills
Jim Kelly
88.6%
Eagles
Donovan McNabb
87.1%
Steelers
Terry Bradshaw
85.7%
Ravens
Joe Flacco
84.3%
Texans
Matt Schaub
81.9%
Titans (Tennessee, Houston Oilers)
Warren Moon
81%
Jets
Joe Namath
80.5%
Panthers
Jake Delhomme
80%
Franchise
QB
% Correct
Chargers
Dan Fouts
80%
Giants
Phil Simms
77.1%
Seahawks
Matt Hasselbeck
77.1%
Vikings
Fran Tarkenton
76.2%
Jaguars
Mark Brunell
75.7%
Raiders (Oakland, LA)
Ken Stabler
64.8%
Buccaneers
Vinny Testaverde
63.8%
Redskins
Joe Theismann
63.8%
Bengals
Ken Anderson
63.3%
Chiefs
Len Dawson
58.1%
Rams (Cleveland, LA, St.Louis)
Jim Everett
43.3%
Falcons
Steve Bartkowski
38.6%
Cardinals (Arizona,Chicago,St.Louis)
Jim Hart
37.6%
Browns
Brian Sipe
37.1%
Bears
Sid Luckman
32.9%
Lions
Bobby Layne
30.5%
Quiz Playlist
Details
Report
Send in Message
Add To Playlist
Classic:
Type in answers that appear in a list
Last Updated: Feb 16, 2017
Quiz Scoreboard
CHALLENGE
Sign Up to Join the Scoreboard
Show All
Scores
Hide
Comments
May contain spoilers
Recently Published
Presidents Visiting Landmarks
by Hejman
History
7m
An Introduction to Baseball
by treessimontrees
Sports
5m
Movies - When Are They Set?
by FPL_Elf
Movies
5m
More to Explore
Quiz From the Vault
Featured Blog Post
Where Did the Easter Bunny Come From?
hide this ad
You Might Also Like...
Tags
NFL Quiz
franchise
Leading
Leading Passer
Passers
Yard
Today's Top Quizzes in Sports
Browse Sports
hide this ad
Today's Top Quizzes in NFL
Browse NFL
Top Contributed Quizzes in Sports
1
Les meilleurs buteurs des matchs entre le PSG et l’OM
2
2022 World Cup Stars
3
FIFA Club World Cup Champions
4
Les entraîneurs de l'OM et du PSG au 21e siècle
5
Name the Premier League winners with different clubs
6
La finale Lions - Afrique du Sud 2021
7
5-to-1: UK Sports Teams
8
England Test cricketers to play under Nasser Hussain
9
Players with Multiple 50 Home Run Seasons
10
AFC Teams Reveal (Wrong Answers Minefield)
Explore More
Trending Topics
Disney
Marvel
NBA
Crossword
Kpop
Anime
Harry Potter
Puzzle
NFL
Soccer
WWE
Pokémon
The Office
Country
Song
hide this ad
More By:
richboz2
Quiz
Plays
Rating
Category
Featured
Created
Leading Passer for NFL Franchise
210
3.25
Sports
Jan 5, 2011
Starters at QB during Favre streak
208
1.50
Sports
Jan 1, 2011
Players that have thrown Jerry Rice a TD
135
Sports
Jan 3, 2011
Go to Creator's Profile
Score Distribution
Quiz Creator Spotlight
richboz2
Follow
Send a Message
Quizzes Created
-
Created Quiz Play Count
-
More By This Creator
Popular Quizzes Today
1
Find the US States - No Outlines Minefield
2
Find the Countries of Europe - No Outlines Minefield
3
The Countries of the World
4
Find the US States
5
Popular People in 1961
6
US States
7
Risky Map Clicking: Biggest States A-Z
8
1-10 Letter E Words III
More Sports Quizzes
Canada by biggest Ice Hockey Arena
Curator's Pick
Trending Quizzes
Risky Map Clicking: Least Populous States A-Z
1-10 Letter G Words
1-10 Letter F Words
One Thing in Common: United Kingdom
Risky Map Clicking: Next State Alphabetically
Recently Updated
Leaping Animals
pecheneg
Reality TV Shows (A-Z)
bhenderson79
Rickey Henderson's Hall of Fame Teammates
pecheneg
Champions League XIs: Arsenal
pecheneg
Quick Pick: Celebrities in WWE's Hall of Fame
aduchscher
A-Z Keypad Blitz II
pecheneg
Multiple Oscar Actors
pecheneg
Mystery Phrase Blitz: Oscar 'Best Actors'
pecheneg
F. Scott Fitzgerald Novels
LTH
Pick 3 Villains
ddd62291
Trending Topics
Marvel
Harry Potter
Disney
Anime
Crossword
Kpop
NBA
NFL
WWE
Country
Soccer
Song
Puzzle
Pokémon
The Office
Your Account Isn't Verified!
In order to create a playlist on Sporcle, you need to verify the email address you used during registration. Go to your
Sporcle Settings
to finish the process.
Report this User
Report this user for behavior that violates our
Community Guidelines
.
Details:
Send Report
Go to the Sporcle.com Mobile Site →
Comments